banner-ar

الاعلام و الجمهور / (Record no. 62000)

MARC details
000 -الفاتح
حقل البيانات ثابتة الطول 01155nam a22002777a 4500
005 - وقت وتاريخ اخر تعامل مع التسجيلة
رقم الضبط 20240530110526.0
008 - عناصر البيانات ثابتة الطول - معلومات عامة
حقل البيانات ثابتة الطول 150608s2012 ua g 000 0 ara d
017 ## - رقم الايداع القانونى
رقم الايداع القانونى 20706
المصدر ( الهيئة المختصة) مصر . دار الكتب المصرية
020 ## - الرقم الدولى المعيارى للكتب
الرقم الدولى المعيارى للكتاب 9789773582672
040 ## - مصدر الفهرسة
وكالة الفهرسة الأصلية EG-CaGPL
082 04 - رقم تصنيف ديوى العشرى
رقم الطبعة 21
رقم التصنيف 302.23\
رقم المادة ك إ
100 1# - المدخل الرئيسى - إسم شخصى
الإسم الشخصى كولمان ، ستيفن
الشكل الأكمل للاسم ستيفن كولمان
245 12 - بيان العنوان
العنوان الاعلام و الجمهور /
بيان المسئوليه,etc تاليف ستيفن كولمان ، كارين روس ؛ ترجمة صباح حسن عبدالقادر ؛ مراجعة عادل يوسف ابوغنيمة
250 ## - بيان الطبعة
بيان الطبعة ط1
260 ## - PUBLICATION, DISTRIBUTION, ETC. (IMPRINT)
تاريخ النشر أو التوزيع 2012 .
300 ## - الوصف المادى
التعداد 190 ص ؛
أبعاد الوعاء 24 سم
650 04 - المدخل الاضافى بالموضوع-مصطلح موضوعى
مصطلح موضوعي الاتصال الجماهيرى
650 04 - المدخل الاضافى بالموضوع-مصطلح موضوعى
مصطلح موضوعي الاعلام البديل
650 04 - المدخل الاضافى بالموضوع-مصطلح موضوعى
مصطلح موضوعي وسائل الاتصال
650 04 - المدخل الاضافى بالموضوع-مصطلح موضوعى
مصطلح موضوعي اجهزة الاعلام
700 1# - المدخل الاضافى - اسم شخصى
الإسم الشخصى روس ، كارين
الدور مؤلف مشارك
700 0# - المدخل الاضافى - اسم شخصى
الإسم الشخصى صباح حسن عبدالقادر
الدور مترجم
700 0# - المدخل الاضافى - اسم شخصى
الإسم الشخصى عادل يوسف ابوغنيمة
الدور مراجع
942 ## - عناصر المدخل الإضافي( كوها)
مصدر التصنيف او مخطط الترفيف Dewey Decimal Classification
Koha [default] item type كتاب
260 ## - PUBLICATION, DISTRIBUTION, ETC. (IMPRINT)
-- القاهرة :
-- دار الفجر للنشر و التوزيع ،
Holdings
حالة التراجع حالة الفقد حالة تلف ليس للاعارة المكان المؤقت الموقع الحالى تاريخ الاكتساب اجمالي اﻻعارات رقم الطلب الباركود تاريخ اخر مشاهدة تاريخ تفعيل السعر نوع وعاء كوها
        مكتبة القاهرة الكبرى مكتبة القاهرة الكبرى 03/06/2016   302.23\ ك إ 161475 03/06/2016 03/06/2016 كتاب

Powered By

EGPV